| 000 | 00695nam a2200205 a 4500 | ||
|---|---|---|---|
| 999 |
_c2925 _d2925 |
||
| 001 | 2925 | ||
| 003 | BD-JhCC | ||
| 005 | 20180301193008.0 | ||
| 008 | 171108b1971 i ||||| |||| 00| 0 ben d | ||
| 035 | _a(BD-JhCC) | ||
| 040 |
_aBD-JhCC _dBD-JhCC |
||
| 041 | _aben | ||
| 082 |
_a891.443 _bBON 1971 |
||
| 100 | _aবন্দ্যোপাধ্যায়, অতীন | ||
| 245 |
_aনীলকন্ঠ পাখির খোজে / _cঅতীন বন্দ্যোপাধ্যায় |
||
| 260 |
_aকলকাতা : _bকরুণা প্রকাশনী; _c১৯৭১ |
||
| 300 |
_a২৯১ পৃ.; _c২২ সেমি |
||
| 650 | _aBengali novel | ||
| 942 |
_2ddc _cBK |
||